Thiết kế flash với các thành phần dựng sẵn

Cuốn sách Thiết kế Flash với các thành phần dựng sẵn này rất phù hợp cho những ai muốn tìm hiểu sức mạnh của thành phần nói chung và các thành phần đã được dựng sẵn, để ứng dụng chúng vào trong các dự án Flash của mình nhằm tăng hiẹ...

Popoln opis

Shranjeno v:
Bibliografske podrobnosti
Glavni avtor: Nguyễn Trường Sinh (Chủ biên)
Drugi avtorji: Lê Minh Hoàng, Hoàng Đức Hải
Format: Knjiga
Jezik:Vietnamese
Izdano: H. Thống kê 2004
Teme:
Oznake: Označite
Brez oznak, prvi označite!
Thư viện lưu trữ: Thư viện Trường Đại học Nam Cần Thơ
LEADER 01444nam a22002297a 4500
001 NCT_45537
008 180707b xxu||||| |||| 00| 0 vie d
999 |c 2177  |d 2177 
020 |c 86000 
082 0 4 |2 23rd ed.  |a 006.68  |b S312 
100 1 |a Nguyễn Trường Sinh  |e Chủ biên 
245 1 0 |a Thiết kế flash với các thành phần dựng sẵn  |c Nguyễn Trường Sinh (chủ biên); Lê Minh Hoàng; Hoàng Đức Hải 
260 |a H.  |b Thống kê  |c 2004 
300 |a 441 tr.  |c 24cm  |b Minh họa 
520 3 |a Cuốn sách Thiết kế Flash với các thành phần dựng sẵn này rất phù hợp cho những ai muốn tìm hiểu sức mạnh của thành phần nói chung và các thành phần đã được dựng sẵn, để ứng dụng chúng vào trong các dự án Flash của mình nhằm tăng hiệu quả công việc. 
653 |a Công nghệ thông tin 
700 1 |a Lê Minh Hoàng 
700 1 |a Hoàng Đức Hải 
942 |2 ddc  |c BK 
952 |0 0  |1 0  |2 ddc  |4 0  |6 006_680000000000000_S312  |7 0  |9 12492  |a 000001  |b 000001  |d 2018-07-07  |o 006.68 S312  |p MD.02266  |r 2018-07-07  |v 86000.00  |w 2018-07-07  |y BK 
952 |0 0  |1 0  |2 ddc  |4 0  |6 006_680000000000000_S312  |7 0  |9 12493  |a 000001  |b 000001  |d 2018-07-07  |o 006.68 S312  |p MD.02267  |r 2018-07-07  |v 86000.00  |w 2018-07-07  |y BK 
980 |a Thư viện Trường Đại học Nam Cần Thơ